2025 Serie A Team Logos - Statistics

General Stats
  • This quiz has been taken 120 times
  • The average score is 18 of 20
Answer Stats
Picture Answer % Correct
Juventus
99%
Inter Milan
97%
Napoli
97%
Roma
97%
Lazio
96%
Milan
96%
Atalanta
95%
Fiorentina
94%
Bologna
92%
Torino
92%
Udinese
90%
Cagliari
88%
Parma
88%
Genoa
86%
Hellas Verona
78%
Lecce
78%
Empoli
77%
Como
76%
Venezia
75%
Monza
72%
No matching quizzes found
Score Distribution
Percent of People with Each Score
Percentile by Number Answered
Your Score History
You have not taken this quiz